000 00475cam a2200193 4500
001 D981
008 090401t1979 xxu||||| |||| 00| 0 eng d
035 _a(Sirsi) u49181
041 _aeng
050 _a692.8
110 _aAqua Group
_9865
245 _aContract administration for architects and quantity surveyors
250 _a4th
260 _aLondon
_bCrosby Lockwood Staples
_c1979
300 _avi. 87p. 23cm
350 _a0
942 _n0
948 _c04/03/1997
999 _c92513
_d92513